MARC

LEADER 00000nam^a2200000^a^4500
001 000189047
005 20250521000000.0
009 20260310102400.974
020 |a 0-440-12239-2 
037 |a Acervo ITESO - Biblioteca 
041 |a ING 
082 |a 320. 9730924  |b HAL 
100 |a Haldeman, Harry Robbins  |e (autor) 
245 1 4 |a The Ends of Power /  |c H.R. Haldeman ; colaboración de J. DiMona. 
264 4 |a Nueva York, EUA :  |b Dell,  |c 1978, c1978 
300 |a 432 p. 
336 |a texto  |b txt  |2 rdacontenido 
337 |a sin mediación  |b n  |2 rdamedio 
338 |a volumen  |b nc  |2 rdasoporte 
649 |a XX 
650 |a Jefes de Estado Norteamericanos 
650 |a Información -  |x Aspectos Políticos 
650 |a Control Político -  |z EUA -  |x Historia -  |y 1969-1974 
650 |a Poder Político -  |z EUA -  |x Historia -  |y 1969-1974 
650 |a Espionaje y Contraespionaje -  |z EUA -  |x Historia -  |y 1969-1974 
650 |a Corrupción -  |z EUA -  |x Historia -  |y 1969-1974 
650 |a Escándalos Políticos -  |z EUA -  |x Historia -  |y 1969-1974 
650 |a Campaña Electoral -  |z EUA -  |x Historia -  |y 1969-1974 
650 |a Elecciones -  |z EUA -  |x Historia -  |y 1969-1974 
650 |a Periodismo Político -  |z EUA -  |x Historia -  |y 1969-1974 
650 |a Prensa -  |z EUA -  |x Historia -  |y 1969-1974 
650 |a Medios de Comunicación y Estado -  |z EUA -  |x Historia -  |y 1969-1974 
650 |a Comunicación y Política -  |z EUA -  |x Historia -  |y 1969-1974 
650 |a Comunicación Masiva -  |z EUA 
650 |a Sistema Político -  |z EUA -  |x Historia -  |y 1969-1974 
650 |a Política -  |z EUA -  |x Historia -  |y 1969-1974 
650 |a Política -  |z EUA -  |x Historia -  |y Siglo XX 
650 |a Nixon, Richard 
700 |a DiMona, Joseph  |e (colaboración) 
910 |a Fondo General 
920 |a Impresos - Libros 
930 |a Colección General 
905 |a 101 
901 |a 0500131664  |b IT1  |c ACC  |u 20250521 
902 |a https://opac.biblio.iteso.mx/vufind/Record/000189047